Geography - B - Statistics

General Stats
  • This quiz has been taken 55 times
  • The average score is 11 of 15
Answer Stats
Hint Answer % Correct
The capital of Colombia. Bogotá
96%
Myanmar's former name. Burma
96%
Country in Central America. Belize
92%
Country in the foothills of the Himalayas (with Xi Jinping). Bhutan
91%
Shares a 443-foot border with Zambia. Botswana
91%
European country whose name translates to 'White Ruthenia'. Belarus
87%
The only island split between 3 different nations. Borneo
87%
Bay bordering France and Spain. Biscay
83%
Micro-state in the Caribbean. Barbados
79%
Spanish city on the coast of the above. Bilbao
72%
The most densely-populated non-microstate country worldwide. Bangladesh
62%
The historical name for Czechia. Bohemia
62%
City in southeastern Czechia. Brno
55%
U.S. President for whom the Central Scranton Expressway was renamed. Biden
30%
The former name of Utqiagvik, the northernmost U.S. city. Barrow
21%
No matching quizzes found
Score Distribution
Percent of People with Each Score
Percentile by Number Answered
Your Score History
You have not taken this quiz